| 000 | 00352nam a2200133Ia 4500 | ||
|---|---|---|---|
| 008 | 231017s9999 xx 000 0 und d | ||
| 082 | _a388.31 | ||
| 082 | _bHAR | ||
| 245 | 0 | _aNCHRP Report 486: Systemwide Impact of Safety and Traffic Operations Design Decisions for 3R Projects | |
| 245 | 0 | _cTRB | |
| 260 | _bTRB | ||
| 300 | _c30cm | ||
| 942 | _cREP | ||
| 999 |
_c604324 _d604324 |
||